[Event "FRA-ch Blitz Online Qual"]
[Site "Europe Echecs INT"]
[Date "2020.05.16"]
[Round "2"]
[White "Defromont, Benjamin"]
[Black "Rasolo, Loic"]
[Result "0-1"]
[WhiteElo "2236"]
[BlackElo "1951"]
[PlyCount "56"]
[EventDate "2020.05.16"]
[EventType "swiss (blitz)"]
[EventRounds "15"]
[EventCountry "FRA"]
[SourceTitle "CBM 196 Extra"]
[Source "ChessBase"]
[SourceDate "2020.07.31"]
[SourceVersion "1"]
[SourceVersionDate "2020.07.31"]
[SourceQuality "1"]

1. e4 c5 2. Nf3 Nc6 3. d4 cxd4 4. Nxd4 Nf6 5. Nc3 d6 6. Nd5 e6 7. Nxf6+ gxf6 8. Be3 a6 9. a4 Bd7 10. Be2 Qc7 11. 0-0 Bg7 12. f4 0-0-0 13. c3 Rhg8 14. b4 Bh6 15. b5 Nxd4 16. Qxd4 a5 17. Qa7 e5 18. Bb6 Qb8 19. Qxa5 Bxf4 20. Rfd1 Bh3 21. Bf3 Rxg2+ 22. Bxg2 Rg8 23. Ra2 Kd7 24. Qb4 Ke6 25. Qc4+ Ke7 26. Kh1 Bg4 27. Rf1 Rg6 28. Qc7+ Qxc7 0-1